Materials Handbook (Record no. 61409)

000 -LEADER
fixed length control field 00640nam a22002057a 4500
003 - CONTROL NUMBER IDENTIFIER
control field NUST-PNEC
005 - DATE AND TIME OF LATEST TRANSACTION
control field 20170116180721.0
008 - FIXED-LENGTH DATA ELEMENTS--GENERAL INFORMATION
fixed length control field 141027b xxu||||| |||| 00| 0 eng d
022 ## - INTERNATIONAL STANDARD SERIAL NUMBER
International Standard Serial Number B000LCGKHE
040 ## - CATALOGING SOURCE
Transcribing agency PNEC
082 ## - DEWEY DECIMAL CLASSIFICATION NUMBER
Classification number 620.11 BRA
100 ## - MAIN ENTRY--PERSONAL NAME
9 (RLIN) 829
Personal name Brady, George S.
245 ## - TITLE STATEMENT
Title Materials Handbook
Statement of responsibility, etc. George S. Brady
250 ## - EDITION STATEMENT
Edition statement 9th ed.
260 ## - PUBLICATION, DISTRIBUTION, ETC.
Place of publication, distribution, etc. New York
Name of publisher, distributor, etc. McGraw-Hill
Date of publication, distribution, etc. c1963
300 ## - PHYSICAL DESCRIPTION
Extent 968 p. :
Other physical details ill. :
Dimensions 23 cm.
500 ## - GENERAL NOTE
General note http://www.amazon.com/Materials-Handbook-9th-G-Brady/dp/B000LCGKHE/ref=sr_1_1?s=books&ie=UTF8&qid=1414388816&sr=1-1&keywords=MATERIALS+HANDBOOK+1963
650 ## - SUBJECT ADDED ENTRY--TOPICAL TERM
General subdivision ME
942 ## - ADDED ENTRY ELEMENTS (KOHA)
Source of classification or shelving scheme
Koha item type Book
Holdings
Withdrawn status Lost status Source of classification or shelving scheme Damaged status Not for loan Permanent Location Current Location Shelving location Date acquired Total Checkouts Full call number Barcode Date last seen Price effective from Koha item type
          Pakistan Navy Engineering College (PNEC) Pakistan Navy Engineering College (PNEC) Reference     620.11 BRA PNECLIB-001981 10/27/2014   Book
© 2023 Central Library, National University of Sciences and Technology. All Rights Reserved.